L'attività della Santa Sede nel 2013

Guardat en:
Dades bibliogràfiques
Format: Llibre
Idioma:italià
Publicat: Ciudad del Vaticano Libreria Editrice Vaticana 2013
Edició:1a. ed
Matèries:
Etiquetes: Afegir etiqueta
Sense etiquetes, Sigues el primer a etiquetar aquest registre!

MARC

LEADER 00000cam a2200000 a 4500
001 UCD7123
003 CL-VaPUC
008 170309e20130000vc |||||||||||||||||ita|d
020 |a 9788820993689 
082 0 4 |a 262  |b ATT  |2 21 
245 1 2 |a L'attività della Santa Sede nel 2013 
250 |a 1a. ed 
300 |a 1464 p 
942 |c BK 
945 |d 20170309 22:28:00  |a dcastane 
260 |a Ciudad del Vaticano  |b Libreria Editrice Vaticana  |c 2013 
650 7 |a SANTA SEDE  |2 CL-VaPUC  |9 258764 
650 7 |a HISTORIA DE LA IGLESIA SIGLO 21  |2 CL-VaPUC  |9 521262 
583 |a last modification  |c 20170309 22:28:00  |k Rodrigo Vera 
999 |c 367235  |d 367233 
952 |0 0  |1 0  |3 erd  |4 0  |6 262_000000000000000_ATT_2013  |7 0  |8 A  |9 481990  |a BIBDER  |b BIBDER  |i 5364442  |o 262 ATT 2013  |p 5364442  |r 2023-01-25  |w 2019-11-24  |y BK  |z Catalogado en:20170309  |k DER